Country Flags With Stars By Memory - Statistics

General Stats
  • This quiz has been taken 333 times
    109 since last reset
  • The average score is 55 of 78
Answer Stats
Initial Countries % Correct
U United Statesof America
96%
A Australia
88%
B Brazil
88%
C China
88%
T Turkey
87%
V Vietnam
84%
N New Zealand
82%
T Tunisia
82%
A Algeria
81%
J Jordan
81%
A Angola
79%
A Azerbaijan
79%
H Honduras
79%
T Tuvalu
78%
V Venezuela
78%
A Argentina
76%
N Nauru
76%
S Syria
76%
Z Zimbabwe
76%
F Federated Statesof Micronesia
75%
L Libya
75%
M Morocco
75%
S Samoa
75%
U Uzbekistan
75%
A Antigua andBarbuda
74%
C Cameroon
74%
D Democratic Republicof the Congo
74%
G Ghana
74%
M Malaysia
74%
M Marshall Islands
74%
P Pakistan
74%
P Panama
74%
S Solomon Islands
74%
S Somalia
74%
U Uruguay
74%
K Kazakhstan
72%
K Kyrgyzstan
72%
S Singapore
72%
C Chile
71%
I Israel
71%
K Kiribati
71%
L Liberia
71%
M Myanmar
71%
N North Korea
71%
S South Sudan
71%
C Comoros
69%
D Djibouti
69%
E Ethiopia
69%
G Guinea-Bissau
69%
S Senegal
69%
T Turkmenistan
69%
K Kosovo
68%
S Saint Kittsand Nevis
68%
R Rwanda
66%
T Tajikistan
66%
D Dominica
65%
C Cuba
63%
M Malawi
63%
N Namibia
63%
S Sao Tome andPrincipe
63%
B Burundi
62%
C Cape Verde
62%
G Grenada
62%
P Papua New Guinea
62%
C Central AfricanRepublic
60%
M Mauritania
60%
B Burkina Faso
59%
P Paraguay
59%
S Suriname
59%
E Equatorial Guinea
57%
T Taiwan
57%
T Togo
57%
M Mozambique
56%
P Philippines
54%
B Bosnia andHerzegovina
51%
E East Timor
51%
N Nepal
49%
S Slovenia
40%
No matching quizzes found
Score Distribution
Percent of People with Each Score
Percentile by Number Answered
Your Score History
You have not taken this quiz since the last reset